| 000 | 00692nam a22002057a 4500 | ||
|---|---|---|---|
| 999 |
_c58715 _d58715 |
||
| 005 | 20220705115254.0 | ||
| 008 | 220705s2009ge xxu||||| |||| 00| 0 ger d | ||
| 020 | _a9783934471771 | ||
| 041 | _ager | ||
| 080 | _a376 G-29 | ||
| 100 |
_aGudrun, Lemke-Werner _914291 |
||
| 245 |
_aTaubblindheit, Hörsehbehinderung : ein Überblick / _cLemke-Werner Gudrun, Hanne, Pittroff Hanne |
||
| 264 |
_aWurzburg : _bEd. Bentheim, _c2009. |
||
| 300 |
_a306 p.: _bIllustr ; _c23 cm. |
||
| 653 | _aTaubblindheit, Hörsehbehinderung : ein Überblick | ||
| 653 | _aყრუ-სიბრმავე | ||
| 653 | _aპედაგოგიკა | ||
| 700 |
_aHanne, pittroff _914292 |
||
| 942 |
_2udc _cBK |
||